000 00375nam a2200157Ia 4500
003 LK-CoDNM
008 010623t xxu||||| |||| 00| 1 eng d
040 _aLK-CoDNM
_dLK-CoDNM
_eLK-CoDNM
041 _aeng
080 _a24 G 81
100 _aGrieve,Alison.
245 _aThe great Kandy Perahera
260 _bTimes of Ceylon
_aColombo
300 _b8p., 21 cm
942 _cBK
999 _c136236
_d136236